| 000 | 01311nam a22003857a 4500 | ||
|---|---|---|---|
| 003 | CHAP | ||
| 005 | 20220329143445.0 | ||
| 008 | 091022s2006 es a r 00010 eng d | ||
| 010 | _a96930 | ||
| 011 | _a97902 | ||
| 020 | _a926410951X | ||
| 035 | _a108574 | ||
| 040 | _cCHAP | ||
| 082 | 0 | 0 |
_a621.32 _bW13 |
| 100 | 1 |
_aWaide, Paul _9120806 |
|
| 245 | 1 | 0 |
_aLight's labour's lost : _bpolicies for energy-efficient lighting _c/by Paul Waide ... [et al.] |
| 260 |
_aParis : _bOECD : _bInternational Energy Agency, _cc2006 |
||
| 300 |
_a558 p. : _bilus., gráfs. |
||
| 490 | 0 | _aEnergy efficiency policy profiles | |
| 500 | _aIn support of the G8 plan of action | ||
| 590 |
_aBATCH-UPD _b10 _c20130110 _lUCH01 _h1426 |
||
| 590 |
_aBATCH-UPD _b10 _c20130410 _lUCH01 _h0905 |
||
| 590 |
_aBATCH-UPD _b10 _c20130914 _lUCH01 _h1307 |
||
| 590 |
_aCONVERSION _b10 _c20130109 _lUCH01 _h1354 |
||
| 650 | 1 | 4 |
_aAlumbrado electrico. _94730 |
| 650 | 1 | 4 |
_aEnergía. _936881 |
| 650 | 1 | 4 |
_aEnergía _xConsumo. _936884 |
| 650 | 1 | 4 |
_aEnergía _xEstadísticas. _936885 |
| 650 | 1 | 4 |
_aEnergía _xInvestigación. _936886 |
| 710 | 2 |
_aInternational Energy Agency _959699 |
|
| 830 | 0 |
_aEnergy efficiency policy profiles _936920 |
|
| 901 | _aBK | ||
| 942 | _cLIBRO | ||
| 949 |
_a621.32 W13 _bBC _cLIBRO _d33724002125033 _eLIBRO _h111139 _i108574 _sb |
||
| 999 |
_c96930 _d96930 |
||